| 000 | 01040nam a22002657a 4500 | ||
|---|---|---|---|
| 001 | BD-DhSAU 9175 | ||
| 003 | BD-DhSAU | ||
| 005 | 20190417093847.0 | ||
| 008 | 150613b2010 bg a|||| m||| 00| 0 eng d | ||
| 040 | _aBD-DhSAU | ||
| 082 |
_222 _a630 _bC4595 |
||
| 100 |
_aChowdhury, Abdullah Al-Mamun _eRegistration # 08-03253 |
||
| 245 |
_aEffect of variety and row spacing on the growth and yield of AUS rice / _bMS thesis _cAbdullah Al-Mamun Chowdhury |
||
| 260 |
_aSher-e-Bangla Agricultural University : _bDepartment of Agronomy, _c2010. |
||
| 300 |
_aviii, 54 p. : _bill. ; _c30 cm. |
||
| 500 | _aMS thesis of Department of Agronomy, Faculty of Agriculture, Sher-e-Bangla Agricultural University, Dhaka, Bangladesh | ||
| 504 | _aIncludes bibliographical reference. | ||
| 590 | _aJerin | ||
| 650 | _aAgronomy | ||
| 650 | _arice | ||
| 700 |
_aSardar, Md. Sadrul Anam _eSuperviser |
||
| 700 |
_aRoy, Tuhin Suvra _eCo-superviser |
||
| 856 | _uhttp://10.10.0.126:8080/xmlui/handle/123456789/2379 | ||
| 942 |
_2ddc _cTHESIS |
||
| 999 |
_c9175 _d9175 |
||